000 00634nas a2200217 4500
001 BR9505872
003 BR-BrBNA
005 20231205094446.0
007 ta
008 230509b bl.|||p| |||| 00| 00por d
040 _aBR-BrBNA
_bpor
_cBiblioteca Nacional de Agricultura
041 _a(Pt)
072 _aN10
100 1 _aSantiago, A.A.
245 1 _aNotas sobre a construcao de currais
650 _aCurral
650 _aInstalacao Agricola
773 0 _tChacaras e Quintais. Agricultura e Pecuaria (Brazil)
_x
_g(Feb 1969), v. 60(710) p. 17-20
_wBR9505872
909 _a202311
_bLúcia
_c55
_dLúcia Elande
942 _2AGRIS
_n0
_cANA
999 _c144460
_d144460